000 01967cam a22004454i 4500
003 PE-LiUPU
005 20250731172953.0
008 150623s1995 sp r 000 0 spa d
035 _a(Sirsi) a21483
040 _aPE-LiUPU
_bspa
_cPE-LiUPU
_erda
049 _aPRUA
082 0 4 _a200.956
_bM22
_221
100 1 _aMander, Pietro,
_eautor.
245 1 0 _aMitología y religión del oriente antiguo :
_bSemitas occidentales (Ebla, Mari) /
_cPietro Mander.
264 1 _aBarcelona :
_bAusa,
_c1995.
300 _a576 páginas ;
_c23 centímetros.
336 _atext
_2rdacontent
337 _aunmediated
_2rdamedia
338 _avolume
_2rdacarrier
490 0 _aColección: Esrudios Orientales ;
_v8
505 0 _aLos dioses y el culto de Ebla -- Breve historia del hallazgo de los textos. Su peculiaridad -- Divinidades y culto en Ebla -- Yahweh en los textos de Ebla -- El planeta Venus y la realeza -- El sistema del calendario -- El término mul -- La religion en Siria durante la época de los reinos Amorreos según la documentación de Mari: Introducción Mari entre el este y el oeste -- Las divinidades, sus templos y sus cultos -- Los comportamientos religiosos no rituales -- La religión y la sociedad.
526 _aSEG42
526 _aSEG41
526 _aSEG40
526 _aSEG39
526 _aP94
526 _aP87
526 _aP86
526 _aP85
526 _aP77
526 _aP76
526 _aP35
650 0 4 _aMitología semitica.
650 0 4 _aOriente
_xReligión
_yAntigüedad.
942 _2ddc
_cBOOK
949 _a200.956 M22
_wDEWEY
_c1
_i45067
_lCCODEBUL1
_mBUL
_p00.00
_r0
_sY
_tBOOK
_u2015-06-24
_xTEOLOGIA
_PP35
_0COMPRA
_o.STAFF. Colección General
596 _a1
999 _a200.956 M22
_wDEWEY
_c21950
_i45067
_d21950
_e2018-8-28
_f2021-11-9
_g5
_lCCODEBUL1
_mBUL
_n2
_p85.00
_q1
_r0
_sY
_tBOOK
_u2015-6-24
_xTEOLOGIA
_PP35
_0COMPRA
_o.STAFF. Colección Teología
980 _81
_gALBERTO SANCHEZ Responsable de Automatización